000 00301nam a2200121 a 4500
005 20141022141959.0
008 120229s19uu xx 00 eng d
050 _aCD-ROM
_bSte41 2006
100 _aStewart, Mary
245 _aLaunching imagination /
_cMary Stewart.
260 _c2006.
942 _cAVM
999 _c276164
_d276164